Statistics for Best Player From Each NRL Team

Click here to take the quiz!

General Stats

  • This quiz has been taken 606 times
    (597 since last reset)
  • The average score is 9 of 16

Answer Stats

Hint Answer % Correct
Melbourne StormBilly Slater
89%
North Queensland CowboysJohnathan Thurston
83%
South Sydney RabbitohsGreg Inglis
79%
West TigersBenji Marshall
77%
Parramatta EelsJarryd Hayne
68%
New Zealand WarriorsShaun Johnson
67%
Cronulla SharksPaul Gallen
65%
Canterbury BulldogsBen Barba
54%
Brisbane BroncosSam Thaiday
47%
Gold Coast TitansScott Prince
47%
Manly Sea EaglesJamie Lyon
47%
Sydney RoostersMitchell Pearce
44%
Newcastle KnightsDarius Boyd
41%
Canberra RaidersJosh Dugan
37%
St George DragonsBrett Morris
37%
Penrith PanthersLuke Lewis
31%

Score Distribution

Percentile by Number Answered

Percent of People with Each Score

Your Score History

You have not taken this quiz since the last reset